| 000 | 01414nam a2200217Ia 4500 | ||
|---|---|---|---|
| 003 | Ost | ||
| 005 | 20260507075113.0 | ||
| 008 | 260507s9999||||xx |||||||||||||| ||und|| | ||
| 020 | _a9772580942 | ||
| 040 | _cfsecg | ||
| 041 | _aara | ||
| 082 | _a600 | ||
| 100 |
_aلويس، جوردان د _eمؤلف |
||
| 245 | 0 |
_aمشاركات استثمارية من أجل الرخاء : _bبناء وإدارة التحالفات الإستراتيجية / _c جوردان د لويس |
|
| 260 |
_aالقاهرة: _bالدار العربية للنشر, _c1996 |
||
| 300 |
_a479 صفحة؛ _bإيضاحات ؛ _c24 سم |
||
| 504 | _aببليوغرافيا:ص.5 | ||
| 520 | _aإطار عمل استراتيجي جديد:لماذا أصبحت التحالفات غاية في الأهمية،التعاون بهدف تحقيق ميزة تنافسية،استخدام التحالفات في بناء القدرة التسويقية،أنواع التحالفات:العمل مع التحالفات غير الرسمية والتعاقدية،التعامل مع التحالفات ذات الاستثمارات الصغيرة تنظيم وإدارة المشروعات المشتركة،التحالفات مع الجامعات،التنفيذ:البحث الدؤوب عن الفرص،انتقاء الشركاء وبناء التحالفات | ||
| 653 | _aإدارة الأعمال العامة | ||
| 942 | _cكتاب | ||
| 999 |
_c42941 _d42941 |
||